NFL top 100 players 2021 - Statistics

General Stats
  • This quiz has been taken 4,019 times
  • The average score is 69 of 100
Answer Stats
Hint Answer % Correct
1 Buccaneers QB Tom Brady
100%
4 Packers QB Aaron Rodgers
99%
2 Chiefs QB Patrick Mahomes
99%
6 Seahawks QB Russell Wilson
98%
5 Chiefs TE Travis Kelce
98%
3 Rams DT Aaron Donald
97%
7 Packers WR Devante Adams
97%
12 Bills QB Josh Allen
97%
92 Jaguars DE Josh Allen
97%
10 Titans RB Derrick Henry
96%
21 Seahawks S Jamal Adams
96%
11 Bills WR Stefon Diggs
96%
13 Chiefs WR Tyreek Hill
96%
87 Chargers WR Keenan Allen
95%
8 Steelers OLB T.J. Watt
95%
9 Texans QB Deshaun Watson
94%
67 Packers RB Aaron Jones
90%
37 Chiefs DT Chris Jones
90%
62 Falcons WR Julio Jones
90%
16 Browns DE Myles Garrett
90%
48 Cardinals OLB Chandler Jones
89%
26 Rams CB Jalen Ramsey
89%
98 Patriots CB Jonathan Jones
89%
25 Saints RB Alvin Kamara
88%
24 Vikings RB Dalvin Cook
88%
23 Cardinals WR DeAndre Hopkins
87%
43 Ravens QB Lamar Jackson
87%
40 49ers TE George Kittle
86%
65 Jaguars LB Myles Jack
86%
31 49ers DE Nick Bosa
86%
30 Chargers DE Joey Bosa
85%
36 Cardinals QB Kyler Murray
85%
58 Cowboys QB Dak Prescott
83%
54 Seahawks WR D.K. Metcalf
83%
60 Vikings WR Justin Jefferson
83%
49 Saints WR Michael Thomas
83%
44 Buccaneers WR Mike Evans
83%
57 Browns RB Nick Chubb
81%
59 Giants RB Saquon Barkley
81%
18 Packers CB Jaire Alexander
80%
33 Seahawks LB Bobby Wagner
79%
14 Colts G Quenton Nelson
79%
71 Seahawks WR Tyler Lockett
79%
47 Panthers RB Christian McCaffrey
78%
81 Chargers QB Justin Herbert
78%
66 Titans QB Ryan Tannehill
78%
28 Bears DE Khalil Mack
77%
64 Buccaneers ILB Devin White
76%
69 Raiders RB Josh Jacobs
76%
35 Bills CB Tre'Davious White
76%
70 Vikings WR Adam Thielen
75%
78 Vikings S Harrison Smith
75%
95 Bengals QB Joe Burrow
75%
56 Packers OLB Za'Darius Smith
75%
80 Steelers QB Ben Roethlisberger
74%
39 Steelers S Minkah Fitzpatrick
74%
29 49ers LB Fred Warner
73%
20 49ers OT Trent Williams
73%
17 Dolphins CB Xavien Howard
73%
73 Raiders TE Darren Waller
72%
50 Patriots CB Stephon Gilmore
71%
51 Cardinals S Budda Baker
70%
34 Chiefs S Tyrann Mathieu
69%
86 Cowboys WR Amari Cooper
66%
53 Falcons WR Calvin Ridley
66%
22 Colts DT DeForest Buckner
66%
38 Cowboys G Zack Martin
66%
68 Saints DE Cameron Jordan
64%
42 Steelers DT Cameron Heyward
61%
94 Football Team WR Terry Mclaurin
61%
32 Colts ILB Darius Leonard
58%
15 Packers OT David Bakhtiari
56%
45 Bengals S Jessie Bates III
56%
74 Ravens CB Marlon Humphrey
56%
90 Bears WR Allen Robinson
55%
89 Football Team Edge Chase Young
55%
77 Buccaneers LB Lavonte David
54%
52 Vikings DE Danielle Hunter
53%
76 Broncos S Justin Simmons
50%
72 Rams LT Andrew Whitworth
49%
85 Cowboys DE Demarcus Lawrence
47%
84 Saints LB Demario Davis
46%
83 Panthers Edge Brian Burns
42%
63 Buccaneers OLB Shaq Barrett
41%
61 Falcons DT Grady Jarrett
40%
88 Ravens DE Calais Campbell
37%
96 Vikings LB Eric Kendricks
35%
19 Browns G Wyatt Teller
34%
99 Browns G Joel Bitonio
33%
75 Browns S John Johnson III
31%
91 Packers S Adrian Amos
29%
41 Chargers C Corey Linsley
29%
27 Football Team G Brandon Scherff
28%
93 Ravens OT Ronnie Stanley
25%
100 Jets S Marcus Maye
23%
79 Saints OT Ryan Ramczyk
23%
46 Broncos OT Garrett Bolles
21%
82 Broncos DL Shelby Harris
17%
55 Browns OT Jack Conklin
16%
97 Lions DE Trey Flowers
10%
No matching quizzes found
Score Distribution
Percent of People with Each Score
Percentile by Number Answered
Your Score History
You have not taken this quiz